00422nam a2200157 a 450000100060000000300090000600800410001504000280005608200090008410000310009324500540012426000380017830000110021665000150022765000220024217540CO-ViMGA141112s2004 ck r 000 u spa d aCO-ViMGAbspacCO-ViMGA04aAVIs1 aAvila Ramos, Ilva Victoria10aSomos naturaleza . Poesía : bImagen de la vida aTunja (Boyacá), cBuhos, c1997 a100.p.14aNATURALEZA14aPOESIA COLOMBIANA